000 01162nam a22002537a 4500
005 2012080101371.0
010 _aB-475606-607
020 _a9781857435900 (v.1)
020 _a9781857435917 (v.2)
020 _a9781857435894 (set of 2 vols.)
_cBP 840.00 Rs. 69300.00
035 _aB-475606-607
037 _adpl
_bRBC
082 _a050
245 _aThe Europa world year book 2011 /
_cedited by Paul Kelly
250 _a52nd ed.
260 _aLondon
_bRoutledge
_c2011
300 _a2v, (xiv, 2570p. ; xiv, 5129p.)
_c28 cm. (Hb)
500 _aIt includes index
505 _av.1-- International organizations; Countries : Afghanistan - Jordan. v.2-- Countries : Kazakhstan - Zimbabwe.
942 _2ddc
_cEN
_h050
_mEUR
999 _c68824
_d68824